| 000 | 00504nam a22001817a 4500 | ||
|---|---|---|---|
| 003 | OSt | ||
| 005 | 20240614114855.0 | ||
| 008 | 240614b |||||||| |||| 00| 0 eng d | ||
| 040 |
_aDDC _cMUST |
||
| 082 |
_222 _a512.1 LEA 1979 |
||
| 100 | _4Leach,Donald P. | ||
| 245 | _aMathematics for Electronics | ||
| 260 |
_aReston,Virginia _bReston Publishing Company,Inc _cc1979 |
||
| 300 |
_axv,431p.; _bill: _c24cm |
||
| 504 | _ait includes appendices and indexes | ||
| 650 | _aMathematics | ||
| 942 |
_2ddc _cO_SHELF |
||
| 999 |
_c8470 _d8470 |
||